000 00708nam a22001817a 4500
999 _c11899
_d11899
003 AR-CdUCM
008 190405b ||||| |||| 00| 0 esp d
040 _aMUNICIPALIDAD PROVINCIAL DEL CUSCO
_cBIBLIOTECA MUNICIPAL DEL CUSCO
082 _aES / 375.49 /
_bB480
100 _aBerdiales, German
_917367
245 _aNuevo teatro escolar :
_bCincuenta números para escena y para el aula /
260 _aBuenos Aires :
_bKapelusz,
_c1937.
300 _a218 paginas ;
_c19 cm.
505 _aTe apuesto la cabeza -- Aventuras -- La curiosidad infantil -- Las madres -- Coloquios -- El hombre que riñe con los gatos ...
650 _aTeatro infantil
_912316
942 _2ddc
_cLIBROS
945 _aacrt
_d2019-04-05